|
|
|
|
| LEADER |
01409nam a2200373Ia 4500 |
| 001 |
EBC472724 |
| 003 |
MiAaPQ |
| 005 |
20200520144314.0 |
| 006 |
m o d | |
| 007 |
cr cn||||||||| |
| 008 |
080618s2008 dcua sb 001 0 eng d |
| 010 |
|
|
|z 2008025541
|
| 020 |
|
|
|z 0815752105 (cloth : alk. paper)
|
| 020 |
|
|
|z 0815752113 (pbk. : alk. paper)
|
| 020 |
|
|
|z 9780815752103 (cloth : alk. paper)
|
| 020 |
|
|
|z 9780815752110 (pbk. : alk. paper)
|
| 035 |
|
|
|a (MiAaPQ)EBC472724
|
| 035 |
|
|
|a (Au-PeEL)EBL472724
|
| 035 |
|
|
|a (CaPaEBR)ebr10338468
|
| 035 |
|
|
|a (CaONFJC)MIL213116
|
| 035 |
|
|
|a (OCoLC)815779115
|
| 040 |
|
|
|a MiAaPQ
|c MiAaPQ
|d MiAaPQ
|
| 050 |
|
4 |
|a HD60
|b .L544 2008
|
| 100 |
1 |
|
|a Light, Paul Charles.
|
| 245 |
1 |
4 |
|a The search for social entrepreneurship
|h [electronic resource] /
|c Paul C. Light.
|
| 260 |
|
|
|a Washington, D.C. :
|b Brookings Institution Press,
|c c2008.
|
| 300 |
|
|
|a xiii, 295 p. :
|b ill.
|
| 504 |
|
|
|a Includes bibliographical references and index.
|
| 533 |
|
|
|a Electronic reproduction. Ann Arbor, MI : ProQuest, 2015. Available via World Wide Web. Access may be limited to ProQuest affiliated libraries.
|
| 650 |
|
0 |
|a Nonprofit organizations
|x Management.
|
| 650 |
|
0 |
|a Social entrepreneurship.
|
| 655 |
|
4 |
|a Electronic books.
|
| 710 |
2 |
|
|a ProQuest (Firm)
|
| 856 |
4 |
0 |
|u https://ebookcentral.proquest.com/lib/matrademy/detail.action?docID=472724
|z Click to View
|